| Tag |
First Indicator |
Second Indicator |
Subfields |
| LEADER |
00000pam a2200000 a 4500 |
| 001 |
in00000072997 |
| 005 |
20151008060013.0 |
| 008 |
810724s1982 mdua b 00100 eng |
| 010 |
|
|
|a 81011499
|
| 020 |
|
|
|a 0839116926
|
| 035 |
|
|
|a (OCoLC)07730762
|
| 035 |
|
|
|9 AAJ4933AM
|
| 039 |
0 |
|
|a 2
|b 3
|c 3
|d 3
|e 3
|
| 040 |
|
|
|a DLC
|c DLC
|d TXA
|d UtOrBLW
|
| 049 |
|
|
|a TXAM
|c [952073]
|
| 050 |
0 |
0 |
|a RM930
|b .S77
|
| 060 |
|
0 |
|a LC 4015 S898
|
| 082 |
0 |
|
|a 362.4/0483
|2 19
|
| 245 |
0 |
0 |
|a Strategies for helping severely and multiply handicapped citizens /
|c edited by John G. Greer, Robert M. Anderson, Sara J. Odle.
|
| 264 |
|
1 |
|a Baltimore :
|b University Park Press,
|c [1982]
|
| 264 |
|
4 |
|c ©1982
|
| 300 |
|
|
|a x, 429 pages :
|b illustrations ;
|c 24 cm.
|
| 336 |
|
|
|a text
|b txt
|2 rdacontent
|
| 337 |
|
|
|a unmediated
|b n
|2 rdamedia
|
| 338 |
|
|
|a volume
|b nc
|2 rdacarrier
|
| 504 |
|
|
|a Includes bibliographies and index.
|
| 650 |
|
0 |
|a Rehabilitation.
|
| 650 |
|
2 |
|a Disabled Persons.
|
| 650 |
|
2 |
|a Education, Special.
|
| 650 |
|
2 |
|a Rehabilitation.
|
| 700 |
1 |
|
|a Greer, John G.
|
| 700 |
1 |
|
|a Anderson, Robert Meredith.
|
| 700 |
1 |
|
|a Odle, Sara J.
|
| 999 |
|
|
|a MARS
|
| 999 |
f |
f |
|s 5911535d-cedc-34b5-bcc9-10449c4d5cd7
|i 56559ad3-8b8c-30b5-8f7c-01bd1f1eac8d
|t 0
|
| 952 |
f |
f |
|p ric
|a Texas A&M University
|b Rellis Campus
|c Joint Library Facility
|d Remote Storage
|t 0
|e RM930 .S77
|h Library of Congress classification
|i unmediated -- volume
|m A14806233064
|
| 998 |
f |
f |
|a RM930 .S77
|t 0
|l Remote Storage
|